Welcome to CU Library Online Public Access Catalogue (OPAC)

Med-math : (Record no. 4853)

MARC details
000 -LEADER
fixed length control field 00610cam a2200205 a 4500
001 - CONTROL NUMBER
control field 2140929
005 - DATE AND TIME OF LATEST TRANSACTION
control field 20250315101526.0
008 - FIXED-LENGTH DATA ELEMENTS--GENERAL INFORMATION
fixed length control field 980521s1999 paua 001 0 eng
020 ## - INTERNATIONAL STANDARD BOOK NUMBER
International Standard Book Number 9780781710282
050 10 - LIBRARY OF CONGRESS CALL NUMBER
Classification number RS57
Item number .H46 1999
082 00 - DEWEY DECIMAL CLASSIFICATION NUMBER
Classification number 615.5/8/01513
Edition information 21
100 1# - MAIN ENTRY--PERSONAL NAME
Personal name Henke, Grace.
245 10 - TITLE STATEMENT
Title Med-math :
Remainder of title dosage calculation, preparation, and administration /
Statement of responsibility, etc. Grace Henke.
250 ## - EDITION STATEMENT
Edition statement 3rd ed.
260 ## - PUBLICATION, DISTRIBUTION, ETC.
Place of publication, distribution, etc. Philadelphia :
Name of publisher, distributor, etc. Lippincott,
Date of publication, distribution, etc. c1999.
300 ## - PHYSICAL DESCRIPTION
Extent xvi, 350 p. :
Other physical details ill. ;
Dimensions 28 cm.
500 ## - GENERAL NOTE
General note Includes index.
650 #0 - SUBJECT ADDED ENTRY--TOPICAL TERM
Topical term or geographic name entry element Pharmaceutical arithmetic.
942 ## - ADDED ENTRY ELEMENTS (KOHA)
Source of classification or shelving scheme Library of Congress Classification
Koha item type Books
Edition 3rd ed.
Suppress in OPAC No
999 ## -
-- 4853
-- 4853
Holdings
Withdrawn status Lost status Source of classification or shelving scheme Damaged status Not for loan Collection Home library Current library Shelving location Date acquired Total checkouts Full call number Barcode Date last seen Copy number Price effective from Koha item type
    Library of Congress Classification     Non-fiction Science Library (Miotso) Science Library (Miotso) General stacks 03/15/2025   RS57 .H46 HEN SLM00004299 03/15/2025 1 03/15/2025 Books
© 2023-2024 Copyright: Central University Libraries. All Rights Reserved | Created by: Mahone Tech Office